000 00481nam a2200169Ia 4500
005 20250326130804.0
008 250326s9999 xx 000 0 und d
037 _aTextbook
040 _aFMSL
_beng
_cFMSL
041 _aeng
_2eng
084 _aX3:74 Q7
_qFMSL
100 _aThill J V
_9741351
245 0 _aExcellence in business communication
_cThill J V; Bovee C L
260 _aDelhi
_bDelhi, Pearson
_c2017
942 _cTB
_hX3:74 Q7
999 _c1284115
_d1284115